Taking sides: Clashing view on controversial environmental issues
Spremljeno u:
| Format: | Knjiga |
|---|---|
| Jezik: | Undetermined |
| Izdano: |
Guilford, Connecticut
Dushkin/McGraw-Hill
1997
|
| Teme: | |
| Oznake: |
Dodaj oznaku
Bez oznaka, Budi prvi tko označuje ovaj zapis!
|
| Thư viện lưu trữ: | Trung tâm Học liệu Trường Đại học Cần Thơ |
|---|
| LEADER | 00495nam a2200157Ia 4500 | ||
|---|---|---|---|
| 001 | CTU_43990 | ||
| 008 | 210402s9999 xx 000 0 und d | ||
| 082 | |a 363.7 | ||
| 082 | |b T136 | ||
| 245 | 0 | |a Taking sides: Clashing view on controversial environmental issues | |
| 260 | |a Guilford, Connecticut | ||
| 260 | |b Dushkin/McGraw-Hill | ||
| 260 | |c 1997 | ||
| 650 | |a environmental policy,environmental protection | ||
| 904 | |i Minh, 011017 | ||
| 980 | |a Trung tâm Học liệu Trường Đại học Cần Thơ | ||